00242nam a2200109Ia 4500008004100000082001000041100002100051245001700072260000900089630001700098730001700115100328s9999 xx 000 0 und d b15042 aDell Herman Wouk aThe City Boy bDell aThe City Boy aThe City Boy